000 00685cam a22002413a 4500
001 5212
003 PGUSA
005 20140828083115.0
008 040301s2004||||xxu|||||s|||||000 | eng d
040 _aPGUSA
_beng
042 _adc
050 4 _aU
245 1 0 _aFilm :
_bTrinity Shot (first US Atomic Test)
_h[electronic resource]
260 _bProject Gutenberg,
_c2004
506 _aPublic domain in the USA.
516 _aElectronic text
653 _aNuclear weapons -- Testing
653 _aManhattan Project (U.S.)
653 _aAtomic bomb -- New Mexico -- Testing
830 0 _aProject Gutenberg
_v5212
856 4 0 _uhttp://www.gutenberg.org/ebooks/5212
942 _cEB
999 _c234541
_d234541